Human factors in color histogram based image retrieval /
Saved in:
| Main Author: | |
|---|---|
| Format: | Thesis Book |
| Language: | English |
| Published: |
1998.
|
| Subjects: | |
| Tags: |
Add Tag
No Tags, Be the first to tag this record!
|
| LEADER | 00792cam a2200241 a 4500 | ||
|---|---|---|---|
| 001 | u448076 | ||
| 003 | SIRSI | ||
| 008 | 991117s1998 si a v 00 0 eng | ||
| 035 | |a ACI-4299 | ||
| 040 | |a UMM | ||
| 090 | |a QA76.9 |b H85Wan | ||
| 100 | 1 | 0 | |a Wang, Yue. |
| 245 | 1 | 0 | |a Human factors in color histogram based image retrieval / |c Wang Yue. |
| 260 | |c 1998. | ||
| 300 | |a ix, 93 leaves : |b ill. ; |c 30 cm. | ||
| 502 | |a Dissertation (M.Sc.) -- National University of Singapore, 1998. | ||
| 504 | |a Bibliography: p. 87-92. | ||
| 650 | 0 | |a Human-computer interaction. | |
| 650 | 0 | |a Image processing |x Data processing. | |
| 650 | 0 | |a Image processing |x Digital techniques. | |
| 948 | |a 24/11/1999 |b 05/10/2000 | ||
| 596 | |a 1 | ||
| 999 | |a QA76.9 H85WAN |w LC |c 1 |i A509205078 |l STACKS |m P01UTAMA |r Y |s Y |t TESIS |u 11/11/2000 | ||
